[Event "Krefeld op"]
[Site "Krefeld"]
[Date "2022.08.08"]
[Round "9"]
[White "Schuricht, Paul Alexander"]
[Black "Winter, Astrid"]
[Result "1/2-1/2"]
[WhiteElo "1366"]
[BlackElo "1931"]
[PlyCount "47"]
[EventDate "2022.08.04"]
[EventType "swiss"]
[EventRounds "9"]
[EventCountry "GER"]
[SourceTitle "CBM 209 Extra"]
[Source "ChessBase"]
[SourceDate "2022.09.30"]
[SourceVersion "1"]
[SourceVersionDate "2022.09.30"]
[SourceQuality "1"]

1. e4 c5 2. c3 d6 3. d4 cxd4 4. cxd4 Nf6 5. Nc3 Nc6 6. d5 Ne5 7. f4 Ng6 8. Nf3 e6 9. Be3 Bd7 10. Bc4 Ng4 11. Qd2 Nxe3 12. Qxe3 Be7 13. 0-0 0-0 14. Kh1 Kh8 15. g4 Bf6 16. e5 Be7 17. Nd4 exd5 18. Bxd5 Qb6 19. Bb3 dxe5 20. fxe5 Bc5 21. Rad1 Bc6+ 22. Bd5 Rad8 23. Qe4 Qxb2 24. Bxc6 1/2-1/2

[Event "Krefeld op"]
[Site "Krefeld"]
[Date "2022.08.07"]
[Round "6"]
[White "Winter, Astrid"]
[Black "Bilecen, Simon"]
[Result "1/2-1/2"]
[WhiteElo "1931"]
[BlackElo "1667"]
[PlyCount "46"]
[EventDate "2022.08.04"]
[EventType "swiss"]
[EventRounds "9"]
[EventCountry "GER"]
[SourceTitle "CBM 209 Extra"]
[Source "ChessBase"]
[SourceDate "2022.09.30"]
[SourceVersion "1"]
[SourceVersionDate "2022.09.30"]
[SourceQuality "1"]

1. e4 c5 2. Nf3 Nc6 3. d4 cxd4 4. Nxd4 Qb6 5. Nb3 Nf6 6. Nc3 e6 7. Be3 Qc7 8. a3 Be7 9. Be2 0-0 10. 0-0 d5 11. exd5 Rd8 12. Bf3 exd5 13. Nd4 a6 14. Re1 Bd6 15. g3 Be5 16. Nxc6 bxc6 17. Bd4 Bxd4 18. Qxd4 Bf5 19. Rac1 Rab8 20. b4 a5 21. Na4 axb4 22. axb4 Ne4 23. c3 Re8 1/2-1/2

[Event "Krefeld op"]
[Site "Krefeld"]
[Date "2022.08.05"]
[Round "3"]
[White "Panjer, Sidney"]
[Black "Winter, Astrid"]
[Result "1-0"]
[WhiteElo "2140"]
[BlackElo "1931"]
[PlyCount "151"]
[EventDate "2022.08.04"]
[EventType "swiss"]
[EventRounds "9"]
[EventCountry "GER"]
[SourceTitle "CBM 209 Extra"]
[Source "ChessBase"]
[SourceDate "2022.09.30"]
[SourceVersion "1"]
[SourceVersionDate "2022.09.30"]
[SourceQuality "1"]

1. Nf3 Nf6 2. c4 e6 3. g3 d5 4. Bg2 c6 5. 0-0 Be7 6. d4 Nbd7 7. Qc2 Ne4 8. Nbd2 Nxd2 9. Nxd2 0-0 10. e4 dxe4 11. Nxe4 Nf6 12. Rd1 Qa5 13. Bf4 Qf5 14. Nxf6+ Qxf6 15. Be5 Qh6 16. d5 exd5 17. cxd5 Bg4 18. Rd4 Bd7 19. Re1 Bf6 20. dxc6 Bxc6 21. Bxc6 bxc6 22. Qxc6 Rac8 23. Qb5 Rc1 24. Rde4 Qd2 25. Rxc1 Qxc1+ 26. Kg2 Bxe5 27. Rxe5 Qc7 28. Re8 g6 29. Rxf8+ Kxf8 30. b4 Kg7 31. a4 Qe7 32. Qc4 Qb7+ 33. Kg1 Qd7 34. b5 Qd1+ 35. Kg2 Qd2 36. h4 h5 37. Qe4 Qd7 38. Kf3 Kg8 39. Ke3 Kf8 40. Qd4 Qc7 41. Ke4 Qb7+ 42. Kd3 Qc7 43. Qh8+ Ke7 44. Qc3 Qd7+ 45. Kc4 Qg4+ 46. Qd4 Qe6+ 47. Kb4 Qe1+ 48. Kc5 Qa5 49. Qd6+ Ke8 50. Qb8+ Ke7 51. Qe5+ Kf8 52. Qd4 Qc7+ 53. Kb4 Kg8 54. a5 Qe7+ 55. Ka4 Qc7 56. b6 axb6 57. axb6 Qc2+ 58. Kb5 Qb3+ 59. Kc6 Qe6+ 60. Qd6 Qc4+ 61. Kd7 Qb5+ 62. Kc7 Qa5 63. Kb8 Qb5 64. Qc7 Qb3 65. Qd6 Qb5 66. f3 Kg7 67. Kc7 Qc4+ 68. Kd8 Qb5 69. g4 hxg4 70. fxg4 Qb3 71. h5 gxh5 72. gxh5 Qb5 73. h6+ Kh7 74. Ke7 f5 75. Kf6 Kxh6 76. Qh2# 1-0

[Event "Krefeld op"]
[Site "Krefeld"]
[Date "2022.08.05"]
[Round "2"]
[White "Winter, Astrid"]
[Black "Klees, Robert"]
[Result "1-0"]
[WhiteElo "1931"]
[BlackElo "1467"]
[PlyCount "55"]
[EventDate "2022.08.04"]
[EventType "swiss"]
[EventRounds "9"]
[EventCountry "GER"]
[SourceTitle "CBM 209 Extra"]
[Source "ChessBase"]
[SourceDate "2022.09.30"]
[SourceVersion "1"]
[SourceVersionDate "2022.09.30"]
[SourceQuality "1"]

1. e4 e5 2. Nf3 Nc6 3. Bc4 Nf6 4. d3 Bb4+ 5. c3 Be7 6. h3 a6 7. Be3 b5 8. Bb3 0-0 9. 0-0 d6 10. Nbd2 Na5 11. Bc2 c5 12. d4 cxd4 13. cxd4 Qc7 14. Bd3 Be6 15. d5 Bd7 16. Rc1 Qb8 17. b4 Nb7 18. Qe2 Rc8 19. Nb3 Bd8 20. Nfd2 g6 21. f4 Ne8 22. Qf3 Nf6 23. fxe5 dxe5 24. Nc5 Nxc5 25. bxc5 a5 26. Kh1 b4 27. Bg5 Kg7 28. Bxf6+ 1-0

[Event "BL 1920 (Women)"]
[Site "Germany"]
[Date "2020.02.02"]
[Round "6.6"]
[White "Winter, Astrid"]
[Black "Jelica, Mara"]
[Result "0-1"]
[WhiteElo "1939"]
[BlackElo "2150"]
[PlyCount "80"]
[EventDate "2019.09.14"]
[EventType "team-tourn"]
[EventRounds "11"]
[EventCountry "GER"]
[SourceTitle "EXT 2023"]
[Source "ChessBase"]
[SourceDate "2022.10.05"]
[SourceVersion "1"]
[SourceVersionDate "2022.10.05"]
[SourceQuality "1"]
[WhiteTeam "Leipzig Weissblau (W)"]
[BlackTeam "Deizisau (W)"]
[WhiteTeamCountry "GER"]
[BlackTeamCountry "GER"]

1. e4 e5 2. Nf3 Nc6 3. Bc4 Nf6 4. d3 Bc5 5. Nc3 a6 6. a3 d6 7. h3 h6 8. 0-0 0-0 9. Nd5 Nxd5 10. Bxd5 Kh8 11. c3 Ne7 12. d4 exd4 13. cxd4 Bb6 14. Ba2 Ng6 15. Be3 Qf6 16. Rc1 Bd7 17. Re1 Rad8 18. Kh2 Bb5 19. Qc2 Bd7 20. Qd2 Kg8 21. Ng1 Rfe8 22. Bb1 c5 23. Ne2 cxd4 24. Bxd4 Bxd4 25. Qxd4 Qe5+ 26. Kg1 Qg5 27. Qc3 d5 28. exd5 Rc8 29. Qg3 Rxc1 30. Rxc1 Rxe2 31. Qxg5 hxg5 32. b4 Ne5 33. g4 Kf8 34. Kf1 Bb5 35. Kg2 Ke7 36. Rc7+ Kd6 37. Rxb7 Kxd5 38. Rc7 Re1 39. Bf5 Kd6 40. Rc2 Bc6+ 0-1

[Event "BL2 West 1314 (Women)"]
[Site "Germany"]
[Date "2014.03.09"]
[Round "7.1"]
[White "Winter, Astrid"]
[Black "Henrichs, Wenke"]
[Result "0-1"]
[WhiteElo "1976"]
[BlackElo "2055"]
[PlyCount "88"]
[EventDate "2013.11.30"]
[EventType "team-tourn"]
[EventRounds "7"]
[EventCountry "GER"]
[SourceTitle "EXT 2018"]
[Source "ChessBase"]
[SourceDate "2017.10.13"]
[SourceVersion "1"]
[SourceVersionDate "2017.10.13"]
[SourceQuality "1"]
[WhiteTeam "Krefeld Turm (W)"]
[BlackTeam "Wattenscheid (W)"]
[WhiteTeamCountry "GER"]
[BlackTeamCountry "GER"]

1. c4 e6 2. g3 f5 3. Bg2 Nf6 4. Nc3 d5 5. d4 c6 6. Qb3 Bd6 7. Nf3 Nbd7 8. Ng5 Qe7 9. Bd2 h6 10. Nh3 Ne4 11. Nxe4 dxe4 12. Nf4 Nf8 13. e3 g5 14. Ne2 Ng6 15. f3 exf3 16. Bxf3 e5 17. Bh5 Qg7 18. 0-0-0 Rg8 19. Bc3 e4 20. d5 Qf8 21. Rhf1 c5 22. Qc2 Qe7 23. Kb1 Kd8 24. Bxg6 Rxg6 25. Rf2 Bd7 26. Rdf1 Kc7 27. Ba5+ b6 28. Bc3 Re8 29. a3 h5 30. Ka2 Kb8 31. Rb1 a5 32. Qd2 a4 33. b4 cxb4 34. Bxb4 Bc5 35. Nd4 f4 36. gxf4 gxf4 37. Rxf4 Ka8 38. Bxc5 Qxc5 39. Rf2 Qxc4+ 40. Ka1 Qxd5 41. Qb4 Qc5 42. Qb2 Reg8 43. Rc2 Qe5 44. Rc7 Qxc7 0-1

[Event "BL2 West 1213 (Women)"]
[Site "Germany"]
[Date "2013.01.20"]
[Round "5.2"]
[White "Sokalskaja, Elena"]
[Black "Winter, Astrid"]
[Result "1-0"]
[WhiteElo "2045"]
[BlackElo "2010"]
[PlyCount "43"]
[EventDate "2012.10.06"]
[EventType "team-tourn"]
[EventRounds "7"]
[EventCountry "GER"]
[SourceTitle "EXT 2018"]
[Source "ChessBase"]
[SourceDate "2017.10.13"]
[SourceVersion "1"]
[SourceVersionDate "2017.10.13"]
[SourceQuality "1"]
[WhiteTeam "Muelheim Nord (W) II"]
[BlackTeam "Krefeld Turm (W)"]
[WhiteTeamCountry "GER"]
[BlackTeamCountry "GER"]

1. d4 d6 2. Nf3 Nf6 3. g3 g6 4. Bg2 Bg7 5. c4 0-0 6. Nc3 c6 7. 0-0 Qc7 8. Qc2 Nbd7 9. Rd1 a6 10. a4 Re8 11. a5 b6 12. axb6 Nxb6 13. c5 Nbd7 14. cxd6 exd6 15. Bf4 Bb7 16. Rdc1 h6 17. h4 Nb6 18. e4 Qe7 19. Qb3 Nc8 20. e5 Nd5 21. exd6 Nxd6 22. Nxd5 1-0

[Event "BL2 West 1112 (Women)"]
[Site "Germany"]
[Date "2012.02.11"]
[Round "6.2"]
[White "Kickert, Germaine Helene"]
[Black "Winter, Astrid"]
[Result "1/2-1/2"]
[WhiteElo "1998"]
[BlackElo "2020"]
[PlyCount "96"]
[EventDate "2011.10.29"]
[EventType "team-tourn"]
[EventRounds "7"]
[EventCountry "GER"]
[SourceTitle "EXT 2013"]
[Source "ChessBase"]
[SourceDate "2012.11.22"]
[SourceVersion "1"]
[SourceVersionDate "2012.11.22"]
[SourceQuality "1"]
[WhiteTeam "Delmenhorst (W)"]
[BlackTeam "Krefeld Turm (W)"]
[WhiteTeamCountry "GER"]
[BlackTeamCountry "GER"]

1. e4 c5 2. Nc3 d6 3. g3 Nc6 4. Bg2 g6 5. d3 Bg7 6. Be3 e6 7. Qd2 Nge7 8. Bh6 Bf6 9. h4 Qb6 10. Nd1 Ng8 11. Bf4 e5 12. Be3 Be6 13. h5 Qc7 14. Nc3 Nd4 15. Nd5 Bxd5 16. exd5 0-0-0 17. g4 Qb6 18. c3 Nb5 19. a4 Nc7 20. Ne2 Be7 21. a5 Qb5 22. c4 Qe8 23. hxg6 fxg6 24. b4 Na6 25. b5 Nb4 26. Be4 Nf6 27. g5 Nxe4 28. dxe4 Qf7 29. Rh3 Rdf8 30. Ng1 Bd8 31. Ke2 Qd7 32. Rg3 Rf7 33. Qb2 Rhf8 34. Nh3 Kb8 35. Bd2 Kc8 36. Qb3 Rh8 37. Ra3 Rhf8 38. Be1 Kb8 39. Ra4 Kc8 40. Ra3 Kb8 41. Ra1 Kc8 42. Bxb4 cxb4 43. Qxb4 Kb8 44. b6 a6 45. c5 dxc5 46. Qxc5 Be7 47. Qc3 Qb5+ 48. Kd1 Bd6 1/2-1/2

[Event "BL2 West 1112 (Women)"]
[Site "Germany"]
[Date "2011.10.29"]
[Round "1.3"]
[White "Winter, Astrid"]
[Black "Schlueter, Sabrina"]
[Result "1-0"]
[WhiteElo "2020"]
[BlackElo "1792"]
[PlyCount "89"]
[EventDate "2011.10.29"]
[EventType "team-tourn"]
[EventRounds "7"]
[EventCountry "GER"]
[SourceTitle "EXT 2013"]
[Source "ChessBase"]
[SourceDate "2012.11.22"]
[SourceVersion "1"]
[SourceVersionDate "2012.11.22"]
[SourceQuality "1"]
[WhiteTeam "Krefeld Turm (W)"]
[BlackTeam "Kiel Doppelbauer (W)"]
[WhiteTeamCountry "GER"]
[BlackTeamCountry "GER"]

1. e4 c6 2. d4 g6 3. Nf3 Bg7 4. Nc3 d5 5. Be2 dxe4 6. Nxe4 Nd7 7. 0-0 Ngf6 8. Ned2 0-0 9. Nc4 Qc7 10. c3 e6 11. h3 b5 12. Nce5 a6 13. Bf4 Qb6 14. Qd2 c5 15. Nxd7 Nxd7 16. dxc5 Nxc5 17. Qd6 Nd7 18. Rad1 Qxd6 19. Rxd6 Nf6 20. c4 bxc4 21. Bxc4 Ne4 22. Rb6 Rd8 23. Re1 Nf6 24. b3 Nd5 25. Bxd5 Rxd5 26. Rc1 Bd7 27. Rc7 Bd4 28. Nxd4 Rxd4 29. Be5 Rd1+ 30. Kh2 h5 31. Bf6 Rc8 32. Rxc8+ Bxc8 33. Rc6 Bd7 34. Rxa6 Kf8 35. Ra8+ Be8 36. Kg3 Rd5 37. h4 Rf5 38. Bg5 f6 39. Be3 Ke7 40. b4 Kd7 41. a4 g5 42. hxg5 fxg5 43. a5 Bf7 44. a6 Kc7 45. a7 1-0

[Event "NRW Class2 0809"]
[Site "Germany"]
[Date "2009.01.04"]
[Round "5.8"]
[White "Winter, Astrid"]
[Black "Boehnke, Martin"]
[Result "0-1"]
[WhiteElo "2025"]
[BlackElo "2185"]
[PlyCount "118"]
[EventDate "2008.09.21"]
[EventType "team-tourn"]
[EventRounds "9"]
[EventCountry "GER"]
[SourceTitle "EXT 2010"]
[Source "ChessBase"]
[SourceDate "2010.11.25"]
[SourceVersion "1"]
[SourceVersionDate "2010.11.25"]
[SourceQuality "1"]
[WhiteTeam "Krefeld"]
[BlackTeam "Castrop Rauxel"]
[WhiteTeamCountry "GER"]
[BlackTeamCountry "GER"]

1. c4 c6 2. g3 d5 3. Qc2 Nf6 4. Bg2 g6 5. d4 Bg7 6. Nf3 0-0 7. 0-0 Bf5 8. Qb3 Qb6 9. Qxb6 axb6 10. Nbd2 Ne4 11. e3 Nxd2 12. Bxd2 Bd3 13. Rfc1 Bxc4 14. Bb4 Re8 15. a3 Nd7 16. Nd2 Ba6 17. Bh3 e6 18. Bc3 Rad8 19. b4 e5 20. dxe5 Nxe5 21. Bd4 Nd3 22. Rc3 Bxd4 23. exd4 Nxf2 24. Bg2 Ne4 25. Rc2 Nxd2 26. Rxd2 Re3 27. Kf2 Rde8 28. Bf3 Bc4 29. h4 Rc3 30. g4 Ree3 31. Be2 Rh3 32. Bxc4 Rxc4 33. Kg2 Rcc3 34. h5 Rcg3+ 35. Kf2 Rxg4 36. hxg6 hxg6 37. Raa2 f5 38. a4 Rh2+ 39. Kf3 Rxd2 40. Rxd2 Re4 41. b5 cxb5 42. axb5 Kg7 43. Rc2 Rxd4 44. Rc7+ Kf6 45. Rxb7 g5 46. Rxb6+ Ke5 47. Rb8 g4+ 48. Kg3 Rd3+ 49. Kg2 Kf4 50. b6 Rd2+ 51. Kf1 Kf3 52. Ke1 Rb2 53. b7 f4 54. Kd1 g3 55. Kc1 Rb6 56. Rd8 Rxb7 57. Rxd5 g2 58. Rd3+ Kg4 59. Rd1 f3 0-1

[Event "BL2 Gr01 0506 (Women)"]
[Site "Germany"]
[Date "2006.03.05"]
[Round "7.2"]
[White "Winter, Astrid"]
[Black "Stephan, Anna"]
[Result "1/2-1/2"]
[WhiteElo "1848"]
[BlackElo "1915"]
[PlyCount "98"]
[EventDate "2005.10.29"]
[EventType "team-tourn"]
[EventRounds "7"]
[EventCountry "GER"]
[SourceTitle "EXT 2007"]
[Source "ChessBase"]
[SourceDate "2006.11.23"]
[SourceVersion "1"]
[SourceVersionDate "2006.11.23"]
[SourceQuality "1"]
[WhiteTeam "Krefeld Turm (W)"]
[BlackTeam "Wadgassen/Differten (W)"]
[WhiteTeamCountry "GER"]
[BlackTeamCountry "GER"]

1. e4 g6 2. d4 Bg7 3. Nf3 d6 4. Nc3 Nf6 5. Bg5 h6 6. Bh4 0-0 7. h3 Nc6 8. Be2 a6 9. a4 b6 10. 0-0 Bb7 11. Re1 Qd7 12. Qd2 Rae8 13. Bc4 Na5 14. Ba2 Nh7 15. Rad1 Kh8 16. Bg3 Nc6 17. Qe3 Nb4 18. Bb3 e6 19. e5 Bxf3 20. Qxf3 d5 21. Qg4 Qe7 22. Ne2 c5 23. c3 Nc6 24. Bc2 cxd4 25. cxd4 Nb4 26. Bb1 Rc8 27. Nf4 Qg5 28. Qe2 h5 29. h4 Qg4 30. Qd2 a5 31. Rc1 Bh6 32. Rxc8 Rxc8 33. Rc1 Rxc1+ 34. Qxc1 Bxf4 35. Bxf4 Qxh4 36. Bh6 Qd8 37. Qf4 Kg8 38. Qg3 Qc8 39. b3 Nf8 40. Qh4 Nh7 41. g4 hxg4 42. Qxg4 Nc6 43. Bd3 Ne7 44. Bd2 Kg7 45. Kf1 Nf5 46. Bxf5 exf5 47. Qh4 f6 48. Bh6+ Kf7 49. Qh1 Ke6 1/2-1/2

[Event "GER-chT2 (Women) 0405"]
[Site "Germany"]
[Date "2004.12.05"]
[Round "4"]
[White "Winter, Astrid"]
[Black "Froehlich Dill, Astrid"]
[Result "1/2-1/2"]
[WhiteElo "2055"]
[BlackElo "1960"]
[PlyCount "132"]
[EventDate "2004.11.06"]
[EventType "team"]
[EventRounds "9"]
[EventCountry "GER"]
[SourceTitle "EXT 2006"]
[Source "ChessBase"]
[SourceDate "2005.11.24"]
[SourceVersion "1"]
[SourceVersionDate "2005.11.24"]
[SourceQuality "1"]

1. e4 e6 2. d3 b6 3. Nc3 Bb7 4. Bf4 Bb4 5. Nf3 d6 6. e5 dxe5 7. Bxe5 f6 8. a3 Be7 9. Bf4 e5 10. Be3 c5 11. Be2 Nc6 12. Nh4 Qd7 13. Bg4 Qd8 14. Be6 g6 15. Qe2 Nd4 16. Bxd4 Qxd4 17. Nf3 Qd6 18. Bc4 a6 19. a4 Nh6 20. Ne4 Qd7 21. h3 Nf5 22. g4 Nd4 23. Nxd4 cxd4 24. Rg1 Bd5 25. Nd2 Bb4 26. Bxd5 Qxd5 27. Qe4 Qxe4+ 28. dxe4 Rc8 29. Kd1 Bxd2 30. Kxd2 Rc4 31. Rg3 Ke7 32. Rb3 Rhc8 33. c3 dxc3+ 34. Rxc3 Rd4+ 35. Ke3 Rxc3+ 36. bxc3 Rc4 37. Kd3 Rc6 38. Rb1 Kd6 39. Rb4 Ke6 40. f3 g5 41. Rb1 Kd6 42. Rb4 Kc7 43. Rb1 Rd6+ 44. Kc2 Kc6 45. h4 h6 46. hxg5 hxg5 47. Rh1 Kc5 48. Rh8 b5 49. axb5 Kxb5 50. Rb8+ Kc5 51. Ra8 Rc6 52. Kb3 Rd6 53. Kc2 Kc4 54. Rc8+ Kb5 55. Rb8+ Rb6 56. Rc8 Rc6 57. Rb8+ Kc5 58. Ra8 Kb6 59. Kb3 Kb7 60. Rd8 a5 61. Rd5 Kb6 62. Rd3 Kb5 63. Rd5+ Rc5 64. c4+ Kb6 65. Rd8 Kc6 66. Ra8 Kb7 1/2-1/2

[Event "GER-chT2 (Women) 0405"]
[Site "Germany"]
[Date "2004.11.07"]
[Round "2"]
[White "Fischer, Helena"]
[Black "Winter, Astrid"]
[Result "1/2-1/2"]
[WhiteElo "1547"]
[BlackElo "2047"]
[PlyCount "80"]
[EventDate "2004.11.06"]
[EventType "team"]
[EventRounds "9"]
[EventCountry "GER"]
[SourceTitle "EXT 2006"]
[Source "ChessBase"]
[SourceDate "2005.11.24"]
[SourceVersion "1"]
[SourceVersionDate "2005.11.24"]
[SourceQuality "1"]

1. e4 c5 2. Nf3 e6 3. d4 cxd4 4. Nxd4 Nf6 5. Bg5 Qa5+ 6. Qd2 Bb4 7. c3 Be7 8. Bxf6 Bxf6 9. Nb5 0-0 10. Nd6 Be7 11. Na3 Qc5 12. Rd1 a6 13. c4 Nc6 14. Nc2 Qe5 15. b4 Bxd6 16. Qxd6 Qxe4+ 17. Ne3 b5 18. Bd3 Qh4 19. 0-0 bxc4 20. Nxc4 Rb8 21. Rb1 Rb5 22. Rfd1 Rd5 23. Qg3 Qxg3 24. hxg3 g6 25. Nb6 Rd4 26. b5 axb5 27. Bxb5 Rxd1+ 28. Rxd1 Nb4 29. a3 Nc2 30. a4 Bb7 31. Rxd7 Rb8 32. Nc4 Bd5 33. Nd6 Nd4 34. Nxf7 Nxb5 35. axb5 Rxb5 36. Nh6+ Kh8 37. Nf7+ Kg8 38. Nh6+ Kh8 39. Nf7+ Kg8 40. Nd8 Rb1+ 1/2-1/2

[Event "BL2 Gr1 0304 (Women)"]
[Site "Germany"]
[Date "2003.11.29"]
[Round "3.3"]
[White "Vogel, Heike"]
[Black "Winter, Astrid"]
[Result "0-1"]
[WhiteElo "2152"]
[BlackElo "2047"]
[PlyCount "96"]
[EventDate "2003.10.25"]
[EventType "team-tourn"]
[EventRounds "7"]
[EventCountry "GER"]
[SourceTitle "EXT 2006"]
[Source "ChessBase"]
[SourceDate "2005.11.24"]
[SourceVersion "1"]
[SourceVersionDate "2005.11.24"]
[SourceQuality "1"]
[WhiteTeam "Eikamp (W)"]
[BlackTeam "Krefeld (W)"]
[WhiteTeamCountry "GER"]
[BlackTeamCountry "GER"]

1. d4 d6 2. e4 g6 3. Bc4 Nf6 4. Qe2 Nc6 5. c3 e5 6. Bg5 h6 7. Bh4 Be7 8. h3 exd4 9. Nf3 Nh5 10. Bxe7 Qxe7 11. Nxd4 Ne5 12. Nd2 Nf4 13. Qf1 Nxc4 14. Nxc4 Qxe4+ 15. Ne3 0-0 16. 0-0-0 Ne6 17. Nf3 Qa4 18. Kb1 a5 19. Qe2 Nf4 20. Qd2 Be6 21. b3 Qe4+ 22. Kb2 a4 23. Nd4 axb3 24. axb3 Ra6 25. f3 Rfa8 26. Nec2 Ra2+ 27. Kc1 Qe5 28. Rhe1 Qf6 29. Re4 g5 30. h4 c5 31. Nxe6 Nxe6 32. hxg5 hxg5 33. Rde1 d5 34. Re5 d4 35. c4 Nf4 36. R1e4 b6 37. g3 d3 38. Re8+ Kg7 39. Rxa8 Rxc2+ 40. Qxc2 dxc2 41. gxf4 Qc3 42. Re2 Qxb3 43. Rxc2 Qxf3 44. Re8 Qxf4+ 45. Kd1 g4 46. Ke1 Qd4 47. Ke2 f5 48. Re7+ Kf6 0-1

[Event "BL2 Gr1 0304 (Women)"]
[Site "Germany"]
[Date "2003.10.25"]
[Round "1.2"]
[White "Brendel, Bergit"]
[Black "Winter, Astrid"]
[Result "1-0"]
[WhiteElo "2090"]
[BlackElo "2047"]
[PlyCount "45"]
[EventDate "2003.10.25"]
[EventType "team-tourn"]
[EventRounds "7"]
[EventCountry "GER"]
[SourceTitle "EXT 2006"]
[Source "ChessBase"]
[SourceDate "2005.11.24"]
[SourceVersion "1"]
[SourceVersionDate "2005.11.24"]
[SourceQuality "1"]
[WhiteTeam "Holsterhausen (W)"]
[BlackTeam "Krefeld (W)"]
[WhiteTeamCountry "GER"]
[BlackTeamCountry "GER"]

1. e4 c5 2. Nf3 Nc6 3. d4 cxd4 4. Nxd4 e5 5. Nb5 d6 6. c4 a6 7. N5c3 Nf6 8. Bd3 Be7 9. Nd5 0-0 10. Nbc3 Nd4 11. 0-0 Rb8 12. Nxe7+ Qxe7 13. Bg5 Qe6 14. f4 exf4 15. Rxf4 Ng4 16. Nd5 f6 17. h3 fxg5 18. Rxf8+ Kxf8 19. hxg4 Bd7 20. Qd2 Qxg4 21. Qf2+ Kg8 22. Qxd4 Rf8 23. Ne7+ 1-0

[Event "EU-ch (Women) 2nd"]
[Site "Warsaw"]
[Date "2001.04.30"]
[Round "8"]
[White "Pokojska, Daria"]
[Black "Winter, Astrid"]
[Result "1-0"]
[WhiteElo "2037"]
[BlackElo "2135"]
[PlyCount "67"]
[EventDate "2001.04.22"]
[EventType "swiss"]
[EventRounds "11"]
[EventCountry "POL"]
[SourceTitle "CBM 082 Extra"]
[Source "ChessBase"]
[SourceDate "2001.07.03"]
[SourceVersion "1"]
[SourceVersionDate "2001.07.03"]
[SourceQuality "1"]

1. c4 c5 2. Nc3 Nf6 3. g3 d5 4. cxd5 Nxd5 5. Bg2 Nc7 6. Nf3 Nc6 7. 0-0 e5 8. d3 Be7 9. Be3 0-0 10. Na4 b6 11. Rc1 f6 12. Ng5 fxg5 13. Bxc6 Rb8 14. Nc3 Qd6 15. Bg2 g4 16. Ne4 Qd7 17. Qc2 Ne6 18. Qb3 Bb7 19. Bd2 Kh8 20. Nc3 Nd4 21. Qd1 Bxg2 22. Kxg2 Qf5 23. Be3 Nf3 24. exf3 gxf3+ 25. Kh1 Qh3 26. Rg1 Qg4 27. Qf1 Rf5 28. h3 Rh5 29. Kh2 Rd8 30. Rd1 Rd6 31. Ne4 Rg6 32. Rc1 Qe6 33. Rc4 Qd7 34. g4 1-0

[Event "EU-ch (Women) 2nd"]
[Site "Warsaw"]
[Date "2001.04.29"]
[Round "7"]
[White "Winter, Astrid"]
[Black "Zawadzka, Magdalena"]
[Result "1/2-1/2"]
[WhiteElo "2135"]
[BlackElo "2050"]
[PlyCount "77"]
[EventDate "2001.04.22"]
[EventType "swiss"]
[EventRounds "11"]
[EventCountry "POL"]
[SourceTitle "CBM 082 Extra"]
[Source "ChessBase"]
[SourceDate "2001.07.03"]
[SourceVersion "1"]
[SourceVersionDate "2001.07.03"]
[SourceQuality "1"]

1. e4 e5 2. Nf3 Nc6 3. c3 d5 4. Bb5 dxe4 5. Nxe5 Qd5 6. Nxc6 Qxb5 7. Nd4 Qg5 8. Rg1 Qg6 9. Qe2 Ne7 10. f3 exf3 11. Nxf3 Be6 12. d4 0-0-0 13. Nbd2 Nd5 14. Ne4 f6 15. c4 Nb4 16. Nh4 Qf7 17. d5 Nxd5 18. cxd5 Bxd5 19. Qg4+ Kb8 20. Be3 Re8 21. 0-0-0 Bb4 22. Nd2 Bxd2+ 23. Bxd2 Re4 24. Qg3 Bxa2 25. Rge1 Qc4+ 26. Bc3 Rxh4 27. Qxg7 Rc8 28. Qxf6 Rxh2 29. Rd8 b6 30. Ree8 Rh1+ 31. Kd2 Rxd8+ 32. Qxd8+ Kb7 33. Qc8+ Kc6 34. Qa8+ Kb5 35. Re5+ c5 36. Qe8+ Ka6 37. Qc8+ Kb5 38. Qe8+ Ka6 39. Qc8+ 1/2-1/2

[Event "EU-ch (Women) 2nd"]
[Site "Warsaw"]
[Date "2001.04.27"]
[Round "6"]
[White "Just, Anita"]
[Black "Winter, Astrid"]
[Result "0-1"]
[WhiteElo "2061"]
[BlackElo "2135"]
[PlyCount "144"]
[EventDate "2001.04.22"]
[EventType "swiss"]
[EventRounds "11"]
[EventCountry "POL"]
[SourceTitle "CBM 082 Extra"]
[Source "ChessBase"]
[SourceDate "2001.07.03"]
[SourceVersion "1"]
[SourceVersionDate "2001.07.03"]
[SourceQuality "1"]

1. d4 d5 2. Nc3 Nf6 3. Bf4 a6 4. e3 e6 5. Nf3 Nbd7 6. Be2 c5 7. dxc5 Bxc5 8. Ne5 b5 9. 0-0 Bb7 10. Bf3 0-0 11. Ne2 Rc8 12. c3 Nxe5 13. Bxe5 Nd7 14. Bg3 Qf6 15. Nf4 Rfd8 16. Be2 Nf8 17. Nh5 Qe7 18. Bd3 Ng6 19. Qg4 f5 20. Qh3 Rf8 21. Rae1 Bd6 22. Bxd6 Qxd6 23. f4 b4 24. cxb4 Qxb4 25. g4 Qd2 26. Bb1 Ne7 27. Ng3 g6 28. Re2 Qb4 29. gxf5 exf5 30. a3 Qd6 31. Ba2 Kg7 32. Rd1 Qf6 33. Red2 Rfd8 34. Ne2 Kh8 35. Nd4 a5 36. Nf3 Kg7 37. Ng5 h6 38. Nf3 Rg8 39. Rg2 Rc7 40. Ne5 Rh8 41. Qg3 Rhc8 42. h4 d4 43. Re2 Rc1 44. Rde1 Rxe1+ 45. Qxe1 dxe3 46. Rxe3 Rc2 47. Nf3 Qb6 48. Kh1 Be4 49. Bb3 Rc7 50. Kh2 Ng8 51. Ne5 Nf6 52. Qg1 Nd7 53. Nc4 Qf6 54. Qf2 Nc5 55. Ba2 Nd3 56. Qg3 Nxb2 57. Ne5 Rc2+ 58. Kg1 Rg2+ 59. Qxg2 Bxg2 60. Kxg2 Qxh4 61. Rg3 g5 62. fxg5 hxg5 63. Nf3 Qe4 64. Rxg5+ Kf6 65. Rg3 f4 66. Rh3 Qe2+ 67. Kh1 Nd3 68. Ng1 Nf2+ 69. Kh2 Ng4+ 70. Kh1 Qxa2 71. Rh7 Qd5+ 72. Nf3 Qxf3+ 0-1

[Event "GER-ch op (Women)"]
[Site "Rodewisch"]
[Date "2000.08.03"]
[Round "6"]
[White "Zschischang, Marine"]
[Black "Winter, Astrid"]
[Result "1-0"]
[WhiteElo "2038"]
[BlackElo "2150"]
[PlyCount "109"]
[EventDate "2000.07.29"]
[EventType "swiss"]
[EventRounds "9"]
[EventCountry "GER"]
[SourceTitle "CBM 077 Extra"]
[Source "ChessBase"]
[SourceDate "2000.09.14"]
[SourceVersion "1"]
[SourceVersionDate "2000.09.14"]
[SourceQuality "1"]

1. d4 Nf6 2. c4 g6 3. Nc3 Bg7 4. e4 d6 5. Nf3 0-0 6. h3 Nbd7 7. Be3 c6 8. Be2 a6 9. a4 Qc7 10. 0-0 Re8 11. Nd2 e5 12. d5 b6 13. g4 h6 14. Kg2 Nh7 15. h4 c5 16. Rh1 Ndf8 17. Nf1 f5 18. gxf5 gxf5 19. exf5 Bxf5 20. Qd2 Qf7 21. Ng3 Qf6 22. Rag1 Bg6 23. h5 Bf5 24. Nxf5 Qxf5 25. Bxh6 Bxh6 26. Qxh6 Ra7 27. Kf1+ Kh8 28. Qxd6 Rf7 29. Rg2 Ng5 30. Qh6+ Nfh7 31. Qg6 Qf4 32. Qc2 e4 33. Ke1 Nf3+ 34. Kd1 Nhg5 35. Qc1 e3 36. fxe3 Rxe3 37. Rg4 Qe5 38. Bxf3 Nxf3 39. Re4 Rd3+ 40. Ke2 Nd4+ 41. Kxd3 Rf3+ 42. Re3 Qf5+ 43. Ne4 Rf2 44. Rg1 Nf3 45. Rg3 Ne5+ 46. Kc3 Rf1 47. Qc2 Nf7 48. Qg2 Nh6 49. Rgf3 Qe5+ 50. Kb3 Rxf3 51. Rxf3 Nf5 52. Rd3 Nd4+ 53. Ka2 b5 54. Qg6 bxc4 55. Nf6 1-0